Stock Answer (Record no. 121003)

MARC details
000 -LEADER
fixed length control field 00734cai a22001935a 4500
001 - CONTROL NUMBER
control field L157890
008 - FIXED-LENGTH DATA ELEMENTS--GENERAL INFORMATION
fixed length control field 130625u2013 xxk g 000 0 eng d
035 ## - SYSTEM CONTROL NUMBER
System control number (Sirsi) u157890
041 0# - LANGUAGE CODE
Language code of text/sound track or separate title eng
100 ## - MAIN ENTRY--PERSONAL NAME
Personal name Lown, Mat
245 00 - TITLE STATEMENT
Title Stock Answer
260 ## - PUBLICATION, DISTRIBUTION, ETC.
Place of publication, distribution, etc. RICS
Date of publication, distribution, etc. 2013
520 ## - SUMMARY, ETC.
Summary, etc. Explores the issues that are driving energy performance improvements to the UK building stock and what the property industry should do to meet the challenges.
650 24 - SUBJECT ADDED ENTRY--TOPICAL TERM
Topical term or geographic name entry element ENERGY ACT 2011
651 #4 - SUBJECT ADDED ENTRY--GEOGRAPHIC NAME
Geographic name United Kingdom
Chronological subdivision
690 ## - LOCAL SUBJECT ADDED ENTRY--TOPICAL TERM (OCLC, RLIN)
Topical term or geographic name as entry element Energy performance
856 40 - ELECTRONIC LOCATION AND ACCESS
Uniform Resource Identifier <a href="https://www.rics.org/uk/knowledge/journals/building-surveying-journal/building-surveying-journal-may-june-2013/">https://www.rics.org/uk/knowledge/journals/building-surveying-journal/building-surveying-journal-may-june-2013/</a>
Public note View the report free of charge at www.rics.org.
942 ## - ADDED ENTRY ELEMENTS (KOHA)
Suppress in OPAC 0
Holdings
Withdrawn status Lost status Source of classification or shelving scheme Damaged status Not for loan Home library Current library Shelving location Date acquired Total Checkouts Full call number Barcode Date last seen Copy number Price effective from Koha item type
    Dewey Decimal Classification     Virtual Virtual Online 25/06/2013   ONLINE PUBLICATION 157890-1001 06/08/2019 1 06/08/2019 Online material